Oracle database administration for Microsoft SQL server DBAs / (Record no. 50614)

MARC details
000 -LEADER
fixed length control field 01607nam a22003017a 4500
005 - DATE AND TIME OF LATEST TRANSACTION
control field 20110217145558.0
008 - FIXED-LENGTH DATA ELEMENTS--GENERAL INFORMATION
fixed length control field 110217t xxu||||| |||| 00| 0 eng d
010 ## - LCCN (DPL NO)
LC control number ENG-102031
020 ## - INTERNATIONAL STANDARD BOOK NUMBER
International Standard Book Number 9780071071048
Terms of availability 450.00
020 ## - INTERNATIONAL STANDARD BOOK NUMBER
International Standard Book Number 0071071040
Terms of availability 450.00
035 ## - SYSTEM CONTROL NUMBER
System control number EN-85564
037 ## - SOURCE OF ACQUISITION
Source of stock number/acquisition DBAD/PUB
040 ## - CATALOGING SOURCE
Original cataloging agency dpl
Language of cataloging Eng
082 ## - DEWEY DECIMAL CLASSIFICATION NUMBER
Classification number 005.7565
100 ## - MAIN ENTRY--PERSONAL NAME
Personal name Malcher, Michelle
9 (RLIN) 12973
245 ## - TITLE STATEMENT
Title Oracle database administration for Microsoft SQL server DBAs /
Statement of responsibility, etc by Michelle Malcher
260 ## - PUBLICATION, DISTRIBUTION, ETC. (IMPRINT)
Place of publication, distribution, etc New Delhi
Name of publisher, distributor, etc Tata McGraw-Hill
Date of publication, distribution, etc 2011
270 ## - ADDRESS
Address 7, West Patel Nagar
City New Delhi
Postal code 110008
300 ## - PHYSICAL DESCRIPTION
Extent xiv,334p.
Dimensions 24 cm (pbk)
500 ## - GENERAL NOTE
General note Includes index
520 ## - SUMMARY, ETC.
Summary, etc "Use your SQL Server experience to set up and maintain a high-performance Oracle Database environment. Written by a DBA with expertise in both platforms, Oracle Database Administration for Microsoft SQL Server DBAs illustrates each technique with clear explanations, examples, and comparison tables. Get full details on Oracle Database internals, creation assistants, management techniques, and query tools. High availability, disaster recovery, and security procedures are also extensively covered in this comprehensive Oracle Press guide"-- |c Provided by publisher.
650 ## - SUBJECT ADDED ENTRY--TOPICAL TERM
9 (RLIN) 26034
Topical term or geographic name as entry element Database management.
650 ## - SUBJECT ADDED ENTRY--TOPICAL TERM
Topical term or geographic name as entry element SQL/ORACLE (Computer program language)
9 (RLIN) 26038
700 ## - ADDED ENTRY--PERSONAL NAME
9 (RLIN) 26035
700 ## - ADDED ENTRY--PERSONAL NAME
9 (RLIN) 26036
942 ## - ADDED ENTRY ELEMENTS (KOHA)
Source of classification or shelving scheme Dewey Decimal Classification
Item type English Books
Call number suffix MAL
Classification part 005.7565
Holdings
Withdrawn status Lost status Source of classification or shelving scheme Damaged status Not for loan Collection code Home library Current library Date acquired Source of acquisition Cost, normal purchase price Total Checkouts Full call number Barcode Date last seen Copy number Cost, replacement price Koha item type
    Dewey Decimal Classification   Not For Loan Non-fiction D.B.Act.Division D.B.Act.Division 17/02/2011 DBAD/PUB 450.00   005.7565 MAL EN-85564 17/02/2011 1 450.00 English Books

© Delhi Public Library
Hit Counter
free hit counter